Statistics for Bayer 04 Squad 2019-2020

Click here to take the quiz!

General Stats

  • This quiz has been taken 21 times
  • The average score is 15 of 26

Answer Stats

PositionNationNumberPlayer% Correct
LWJamaica9Leon Bailey
94%
GKFinland1Lukas Hradecky
88%
CMChile20Charles Aranguiz
81%
CAMGermany29Kai Havertz
81%
CBCroatia16Tim Jedvaj
81%
CBGermany4Jonathan Tah
75%
RWGermany38Karim Bellarabi
75%
STGermany31Kevin Volland
75%
CDMGermany8Lars Bender
75%
CBGermany5Sven Bender
75%
CDMAustria15Julian Baumgartlinger
69%
LBBrazil18Wendell
69%
STArgentina13Lucas Alario
63%
CBAustria6Aleksandar Dragovic
56%
RBGermany23Mitchell Weiser
56%
CAMGermany10Karem Demirbay
50%
LWFrance19Moussa Diaby
50%
CAMGermany11Nadiem Amiri
50%
CBGreece3Panagiotis Retsos
50%
RWBrazil7Paulinho
50%
CoachNetherlands-Peter Bosz
44%
LBNetherlands22Daley Sinkgraven
38%
GKAustria28Ramazan Ozcan
38%
GKGermany36Niklas Lomb
13%
CDMPoland30Adrian Stanilewicz
6%
STFinland17Joel Pohjanpalio
6%

Score Distribution

Percentile by Number Answered

Percent of People with Each Score

Your Score History

You have not taken this quiz